Inhibidores de la pared - Statistics

General Stats
  • This quiz has been taken 6 times
    4 since last reset
  • The average score is 15 of 50
Answer Stats
Pista Fármaco o clase farmacológica % Correct
Porcentaje de reacción cruzada de penicilinas con carbapenemicos 1%
100%
Porcentaje de reacción cruzada de penicilinas con monobactamicos 0%
50%
Porcentaje de reacción cruzada de penicilinas con cefalosporinas 2%
50%
Generación de cefalosporinas que solo sirve para gram negativos 4ta
50%
Grupo de betalactamicos que solo sirve contra gram negativos Aztreonam/Monobactamicos
50%
Inhibe PBP3 Aztreonam/Monobactamicos
50%
B-lactamicos más potentes Carbapenemicos
50%
Disminuyen el umbral convulsivo, aumenta riesgo de convulsión (nombre del grupo) Carbapenemicos
50%
Cefalosporina muy usada para infecciones de piel con paso sistemico Cefalexina (1ra)
50%
Causa encefalopatía y neurotoxicidad en falla renal Cefepime
50%
Cefalosporina con acción anti MRSA Ceftarolina/Ceftobiprol (5ta)
50%
Cefalosporinas para pseudomonas (3ra y 4ta) Ceftazidima/Cefepime
50%
Cefalosporina 3ra generación que no es antipseudomonica Ceftriaxona
50%
Cefalosporina muy usada para NAC Cefuroxima (2da)
50%
Inhibe la alanina racemasa y D-alanina ligasa Cicloserina
50%
Indicación de vancomicina oral Colitis pseudomembranosa
50%
Generan poros artificiales en la pared celular Daptomicina (lipopeptidos)
50%
Carbapenemico que no sirve para pseudomonas Ertapenem
50%
Primera línea en neurosifilis Penicilina G sódica
50%
Síndrome del hombre rojo Vancomicina
50%
Primera línea en ITU no complicada Fosfomicina
50%
Carbapenemico que se combina con cilastatina para evitar degradación renal Imipenem
50%
Carbapenemico con más riesgo neurológico Imipenem
50%
Ejemplos de penicilinas isoxazólicas... Oxacilina/Dicloxacilina/Cloxacilina
50%
Primera línea en sífilis Penicilina G benzatinica
50%
Penicilina natural para faringoamigdalitis no complicada Penicilina V
50%
Penicilina antipseudomonica más usada (nombre del grupo) Piperacilina
50%
Grupos de penicilinas antipseudomonas (nombre del grupo) Ureidopenicilinas/carboxipenicilinas
50%
Es muy nefrotóxica Vancomicina
50%
Penicilinas de espectro extendido (nombre del grupo) Aminopenicilinas
0%
Ejemplos de aminopenicilinas... Amoxicilina/Ampicilina
0%
Ejemplos de carboxipenicilinas... Carbenicilina/Ticarcilina
0%
Cefalosporina usada para profilaxis quirurgica Cefazolina (1ra)
0%
Cefalosporina más usada para pseudomonas Cefepime (4ta)
0%
Inhibe PBP2a y PBP2x Ceftarolina/Ceftobiprol/Cefalosporinas de 5ta generación
0%
Causa lodo biliar Ceftriaxona
0%
Cefalosporina usada en gonorrea Ceftriaxona (3ra)
0%
Enfermedad intestinal por disbiosis causada por antibioticos como beta-lactamicos Colitis pseudomembranosa
0%
Enfermedad intestinal por colonización por clostridioides difficile Colitis pseudomembranosa
0%
Opción para tratar VRE y VRSA Daptomicina
0%
Eleva CPK (rabdomiolisis) Daptomicina
0%
Si tengo una infección multirresistente polimicrobiana doy cobertura gram negativa + (...) Vancomicina
0%
Evitar si la membrana timpanica esta perforada Vancomicina
0%
Terrible contra gram negativos, ni siquiera treponema pallidum Vancomicina
0%
Inhibe MurA, evitando la sintesis de NAM Fosfomicina
0%
Inhibe PBP2 Penicilinas/Cefalosporinas/Carbapenemicos
0%
Penicilinas resistentes a betalactamasa, efectivas contra MSSA (nombre del grupo) Penicilinas isoxazólicas
0%
Ejemplos de ureidopenicilinas... Piperacilina/Mezlocilina/Azlocilina
0%
Primera línea IV en MRSA Vancomicina
0%
Evita que PBP se una al extremo D-Ala-D-Ala Vancomicina (glucopéptidos)
0%
No matching quizzes found
Score Distribution
Percent of People with Each Score
Percentile by Number Answered
Your Score History
You have not taken this quiz since the last reset